Poemes touaregs de l'Ayr /

محفوظ في:

مؤلفون آخرون: Ghabdouane, Mohamed., Prasse, Karl-G.

التنسيق: كتاب

اللغة: French

منشور في: Copenhagen : University of Copenhagen : Museum Tusculanum Press, 1990.

سلاسل: Carsten Niebuhr Institute of Near Eastern Studies ; 12.
CNIP ; 12.

الموضوعات:

الوسوم: إضافة وسم

لا توجد وسوم, كن أول من يضع وسما على هذه التسجيلة!

رقم الطلب: DS41 .C62 v.12

LEADER 01040namaa2200301 4500
003 OSt
005 20260305070020.0
008 130303s1990 dk a 000 0 fre d
020 |a 8772890878 
040 |c ARCE Library 
050 4 |a DS41 .C62 v.12 
245 0 0 |a Poemes touaregs de l'Ayr /  |c texte touareg par Ghabdouane Mohamed ; rev. et introduction, Karl-G. Prasse. 
264 1 |a Copenhagen :  |b University of Copenhagen :  |b Museum Tusculanum Press,  |c 1990. 
300 |a 626 pages :  |b illustrations ;  |c 24 cm. 
490 1 |a Carsten Niebuhr Institute of Near Eastern Studies ;   |v 12. 
490 1 |a CNIP ;   |v 12. 
500 |a Texts in Tuareg; editorial matter in French. 
505 1 |a 2. Traduction. 
650 0 |a Nigerian poetry. 
650 0 |a Tamashek language  |x Texts. 
650 0 |a Tamashek poetry. 
700 1 |a Ghabdouane, Mohamed.  |9 30641 
700 1 |a Prasse, Karl-G.  |9 37850 
830 0 |a Carsten Niebuhr Institute of Near Eastern Studies ;   |v 12. 
830 0 |a CNIP ;   |v 12. 
901 |a reviewed 
942 |c BK  |2 lcc 
999 |c 8925  |d 8925